| 000 | 00751nac a22002051u 4500 | ||
|---|---|---|---|
| 010 | _a 91033360 | ||
| 020 | _a8120316185 | ||
| 020 | _a8120316185 | ||
| 082 | 0 | 0 |
_a621.367 _bB5751 |
| 090 |
_c902 _d902 |
||
| 100 | _aBhabatosh, Chanda | ||
| 245 | 0 | 0 |
_aDigital image processing and analysis/ _cChanda Bhabatosh, Majumder Dwijesh Dutta |
| 260 |
_aNew Delhi : _bPrentice Hall of India, _c2003. |
||
| 300 |
_a365 p. : _bill. ; _c24 cm. |
||
| 500 | _aIncludes index. | ||
| 650 | 0 |
_aImage processing _xDigital techniques. |
|
| 700 | 1 | _aDutta, Majumder Dwijesh. | |
| 942 |
_cBB _k621.367B5751 |
||
| 999 |
_c902 _d902 |
||